| 000 | 00713nas a22002057a 4500 | ||
|---|---|---|---|
| 008 | 130704d19921997- mn||| |||| 00| 0 spa d | ||
| 022 | _a0965-3821 (paper) | ||
| 245 | 0 | 0 | _aInformation world en español |
| 246 | 0 | _aIWE | |
| 246 | 0 | _aInformation World | |
| 260 |
_aOxford _bLearned Information _c1992-1997 |
||
| 300 |
_av. _ccm. |
||
| 310 | _aMensual | ||
| 362 | _aNo. 1 (feb. 1992)-vol. 6, no. 12 (dic. 1997) | ||
| 500 | _aContinuada per: El profesional de la información | ||
| 650 | 0 | 4 |
_94578 _aComunicació en biblioteconomia |
| 650 | 0 | 4 |
_94579 _aComunicació en ciències de la informació |
| 856 | 4 | 0 |
_uhttp://www.elprofesionaldelainformacion.com/contenidos.html _yDisponible en línia |
| 942 |
_2udc _cSER |
||
| 999 |
_c6569 _d6569 |
||